000
00306nam a2200133Ia 4500
008
221030s9999 xx 000 0 und d
041
_a
English
082
_a
105.23
100
_a
J Honeycutt
245
0
_a
Microsoft Window XP Registry Guide
_c
by J Honeycutt
260
_c
0
650
_a
Mc
942
_c
BK
999
_c
10739
_d
10739